000 01131nam0a22002651 4500
001 rc\4150973
005 20260408083419.0
021 _aRU
_b[51-38245]
035 _a(NLR Aleph) 007992215
090 _a8586649
_c8586649
100 _a20130415d1951 |||y0rusy50 ca
101 0 _arus
102 _aRU
105 _aa z |||||
200 1 _aДоклад о проекте Конституции Союза ССР
210 _a[Москва
_cГос. изд-во полит. лит.]
_d1951
215 _a180 с., 2 л. ил.
_d17
423 0 _11010#$arus
_12001#$aКонституция (Основной закон) Союза Советских Социалистических Республик
_tКонституция (Основной закон) Союза Советских Социалистических Республик
700 1 _aСталин
_bИ.В.
_f1878-1953
_gИосиф Виссарионович
742 1 _aСССР
_tКонституция
_f1936
_3RU\NLR\AUTH\8810166668
_9829265
801 0 _aRU
_bNLR
_gpsbo
801 1 _aRU
_bELAR
_2rusmarc
852 _aNLR
_jС 1-36/2-252
942 _cBOOK
980 _aNB